000 00673nam a22002052 4500
001 0000008532
005 20151021151114.0
008 080421s xx 000 0 eng d
020 _a8120323033 :
_cKES 890
040 _aKABU
_cKABU
100 1 _aMouhammed, Adil H.
_@0000159169
245 1 0 _aQuantitative methods for business and economics /
_cAdil H. Mouhammed.
260 _aNew Delhi :
_bPrentice-Hall of India,
_c2000.
300 _axi, 377 p.
650 0 _aEconomics, Mathematicals.
_@0000159170
908 _a080421
950 _@1
999 _c743
_d743